000 00353nam a2200133Ia 4500
008 240624s9999 xx 000 0 und d
041 _aeng
082 _a004 KHA
100 _aKHAN KHALED
245 _aMANAGING CORPORATE INFORMATION SYSTEMS E
260 _c2005
_aLondon
_bIdea Group Publishing
300 _axii, : 376 : p. : cm. ; 25
365 _c
_b30
999 _c16402
_d16402